[Event "ST-2020-0-00145"]
[Site "LSS email"]
[Date "2020.04.30"]
[Round "?"]
[White "Narkun, Michal"]
[Black "Steinke, Ruediger"]
[Result "1-0"]
[WhiteElo "2445"]
[BlackElo "2329"]
[PlyCount "95"]
[EventDate "2020.04.02"]
[EventType "tourn (corr)"]
[EventRounds "6"]
[EventCountry "GER"]
[SourceTitle "Corr 2022"]
[Source "ChessBase"]
[SourceDate "2021.10.24"]
[SourceVersion "1"]
[SourceVersionDate "2021.10.24"]
[SourceQuality "1"]

1. g3 Nf6 2. Bg2 d5 3. Nf3 c5 4. 0-0 e6 5. d3 Be7 6. Bf4 0-0 7. a4 Nc6 8. Re1 b6 9. Na3 Bb7 10. e4 Rc8 11. e5 Nd7 12. c3 Re8 13. h4 h6 14. d4 Nf8 15. Bf1 Qd7 16. Bd3 a6 17. Nc2 Ng6 18. Bd2 c4 19. Bf1 Na5 20. Be3 Bc6 21. Nh2 Bxa4 22. Bh3 Bd8 23. Qe2 Nb3 24. Rab1 Na5 25. h5 Nf8 26. g4 Nh7 27. f4 Nc6 28. Nf3 b5 29. Kh2 b4 30. Ra1 bxc3 31. bxc3 Ne7 32. f5 Rb8 33. Nb4 Rb6 34. f6 gxf6 35. Bxh6 a5 36. Rg1 Ng5 37. Na6 Rxa6 38. Nxg5 fxg5 39. Bxg5 Ng6 40. Bxd8 Rxd8 41. Qd2 Rb6 42. hxg6 fxg6 43. Rgf1 Rdb8 44. Kg3 Rb2 45. Qh6 Qg7 46. g5 Bd7 47. Kh4 Qxh6+ 48. gxh6 1-0

[Event "ST-2020-0-00145"]
[Site "LSS email"]
[Date "2020.04.29"]
[Round "?"]
[White "Willmann, Bernd"]
[Black "Narkun, Michal"]
[Result "1/2-1/2"]
[WhiteElo "2350"]
[BlackElo "2445"]
[PlyCount "128"]
[EventDate "2020.04.02"]
[EventType "tourn (corr)"]
[EventRounds "6"]
[EventCountry "GER"]
[SourceTitle "Corr 2022"]
[Source "ChessBase"]
[SourceDate "2021.10.24"]
[SourceVersion "1"]
[SourceVersionDate "2021.10.24"]
[SourceQuality "1"]

1. e4 e5 2. Nf3 Nc6 3. Bb5 Nf6 4. d3 Bc5 5. Bxc6 dxc6 6. Nbd2 Nd7 7. 0-0 0-0 8. Qe1 Re8 9. Nc4 f6 10. Qc3 Bf8 11. Be3 Qe7 12. a3 Nc5 13. Bxc5 Qxc5 14. b3 Be6 15. Qe1 a5 16. a4 g6 17. h3 b6 18. Qe2 Rad8 19. Rad1 Bc8 20. Ne3 Bg7 21. Rfe1 Qe7 22. Nd2 Kh8 23. Nf3 c5 24. Nc4 Qf7 25. Kh2 Re7 26. Rh1 Rf8 27. Rde1 Kg8 28. h4 h5 29. Rhf1 Bh6 30. Ng1 Qe8 31. Ne3 Rg7 32. g3 Qd8 33. Nf3 Qe7 34. Nc4 Rff7 35. Qd1 Bg4 36. Qe2 Kf8 37. Ne3 Bc8 38. Nc4 Be6 39. Ne3 Ke8 40. Rd1 Qd6 41. Nc4 Qd8 42. Kg2 Rf8 43. Rh1 Re7 44. Rb1 Qd7 45. Ne3 Rg8 46. Rhe1 Qc6 47. Red1 Kf8 48. Re1 Rd7 49. Rg1 Ke8 50. Rbf1 Kd8 51. Nd2 Kc8 52. Kh2 Qd6 53. Ndc4 Qf8 54. f4 exf4 55. gxf4 Rdg7 56. Rg2 Kb8 57. Qe1 Bc8 58. Rgg1 Qd8 59. Qf2 Qd7 60. f5 Ka7 61. Nd5 Qd8 62. Rxg6 Rxg6 63. fxg6 Rxg6 64. Rg1 Bg4 1/2-1/2